000 nam a22 7a 4500
999 _c79
_d79
005 20170417094846.0
008 170417b2010 at ||||| |||| 00| 0 eng d
020 _a9781921593079
040 _aAKMAL
082 _a336.2714094 AUS
090 _a336.2714094
_bAUS
245 _aAUSTRALIAN MASTER GUIDE
250 _a11th Edition
300 _c23cm
599 _aDALAM PROSES
650 _aTAXATION
_9229
942 _2ddc
_cBOOK